000 00703nam a2200289Ia 4500
005 20260324112052.0
008 008 260324s9999 xx 000 0 eng d
020 _a9781003506829
037 _aEBOOK
040 _aCRL
040 _beng
040 _cCRL
041 _2eng
041 _aeng
084 _qCRL
100 _aN. Mythili
_91105255
245 0 _aSchool Leadership and Governance in India
245 0 _bInteraction, Interrelatedness, Interdependence
260 _bTaylor and Francis
260 _c2024
365 _a
365 _b230
856 _uhttp://www.taylorfrancis.com/books/9781003506829
942 _cEBOOK
999 _c1730226
_d1730226